Por quién doblan las campanas / (Record no. 118659)

MARC details
000 -LEADER
campo de control de longitud fija 01938cam a22003971 4500
001 - NÚMERO DE CONTROL
campo de control 7859136
003 - IDENTIFICADOR DE NÚMERO DE CONTROL
campo de control BJBSDDR
005 - FECHA Y HORA DE LA ÚLTIMA TRANSACCIÓN
campo de control 20230805181412.0
006 - CÓDIGOS DE INFORMACIÓN DE LONGITUD FIJA--CARACTERÍSTICAS DEL MATERIAL ADICIONAL
campo de control de longitud fija a|||||r|||| 00| 0
007 - CAMPO FIJO DE DESCRIPCIÓN FÍSICA--INFORMACIÓN GENERAL
campo de control de longitud fija ta
008 - DATOS DE LONGITUD FIJA--INFORMACIÓN GENERAL
campo de control de longitud fija 860305s2016 sp 000 1 spa spa
010 ## - NÚMERO DE CONTROL DE LA BIBLIOTECA DEL CONGRESO
Número de control de LC 43007671
020 ## - NÚMERO INTERNACIONAL ESTÁNDAR DEL LIBRO
Número Internacional Estándar del Libro 9788497935029
020 ## - NÚMERO INTERNACIONAL ESTÁNDAR DEL LIBRO
Número Internacional Estándar del Libro 8497935020
035 ## - NÚMERO DE CONTROL DEL SISTEMA
Número de control de sistema (OCoLC)13241646
040 ## - FUENTE DE CATALOGACIÓN
Centro catalogador/agencia de origen DLC
Centro/agencia transcriptor CU-S
Centro/agencia modificador CU-S
-- DLC
041 1# - CÓDIGO DE IDIOMA
Código de lengua del texto/banda sonora o título independiente spa
Código de lengua original eng
042 ## - CÓDIGO DE AUTENTICACIÓN
Código de autenticación premarc
050 14 - SIGNATURA TOPOGRÁFICA DE LA BIBLIOTECA DEL CONGRESO
Número de clasificación PS 3515
Número de ítem H488p 2016
082 00 - NÚMERO DE LA CLASIFICACIÓN DECIMAL DEWEY
Número de clasificación 813.5
100 1# - ENTRADA PRINCIPAL--NOMBRE DE PERSONA
Nombre de persona Hemingway, Ernest,
Fechas asociadas al nombre 1899-1961
9 (RLIN) 15830
240 10 - TÍTULO UNIFORME
Título uniforme For whom the bell tolls.
Lenguaje de la obra Español
245 10 - MENCIÓN DEL TÍTULO
Título Por quién doblan las campanas /
Mención de responsabilidad, etc. Ernest Hemingway; prólogo de Juan Villoro; traducción de Lola de Aguado.
260 ## - PUBLICACIÓN, DISTRIBUCIÓN, ETC.
Lugar de publicación, distribución, etc. Barcelona :
Nombre del editor, distribuidor, etc. Penguin Random House Grupo Editorial,
Fecha de publicación, distribución, etc. 2016
300 ## - DESCRIPCIÓN FÍSICA
Extensión 618 páginas ;
Dimensiones 21 cm.
490 1# - MENCIÓN DE SERIE
Mención de serie Contemporánea (Debolsillo (Firm))
520 ## - RESUMEN, ETC.
Sumario, etc. En los tupidos bosques de pinos de una región montañosa española, un grupo de milicianos se dispone a volar un puente esencial para la ofensiva republicana. La acción cortará las comunicaciones por carretera y evitará el contraataque de los sublevados. Robert Jordan, un joven voluntario de las Brigadas Internacionales, es el dinamitero experto que ha venido a España para llevar a cabo esta misión. En las montañas descubrirá los peligros y la intensa camaradería de la guerra. Y descubrirá también a María, una joven rescatada por los milicianos de manos de las fuerzas sublevadas de Franco, de la cual se enamorará enseguida.
650 #4 - PUNTO DE ACCESO ADICIONAL DE MATERIA--TÉRMINO DE MATERIA
9 (RLIN) 203
Término de materia o nombre geográfico como elemento de entrada Novela estadounidense
650 #4 - PUNTO DE ACCESO ADICIONAL DE MATERIA--TÉRMINO DE MATERIA
9 (RLIN) 1028
Término de materia o nombre geográfico como elemento de entrada Literatura estadounidense
651 #0 - PUNTO DE ACCESO ADICIONAL DE MATERIA--NOMBRE GEOGRÁFICO
Nombre geográfico Spain
Subdivisión general History
Subdivisión cronológica Civil War, 1936-1939
Subdivisión de forma Fiction.
700 1# - ENTRADA AGREGADA--NOMBRE PERSONAL
9 (RLIN) 2340
Nombre de persona Villoro, Juan,
Fechas asociadas al nombre 1956-
Término indicativo de función/relación prologuista
700 1# - ENTRADA AGREGADA--NOMBRE PERSONAL
9 (RLIN) 30423
Nombre de persona Aguado, Lola de
Término indicativo de función/relación Traductora
830 #0 - PUNTO DE ACCESO ADICIONAL DE SERIE-TÍTULO UNIFORME
9 (RLIN) 10906
Título uniforme Contemporánea (Debolsillo)
906 ## - ELEMENTOS DE DATOS F LOCAL, LDF (RLIN)
a 7
b cbc
c oclcrpl
d u
e ncip
f 19
g y-gencatlg
942 ## - ELEMENTOS DE ENTRADA SECUNDARIOS (KOHA)
Fuente del sistema de clasificación o colocación Clasificación de Library of Congress
Tipo de ítem Koha Libro
Holdings
Estatus retirado Estado de pérdida Fuente del sistema de clasificación o colocación Estado de daño No para préstamo Colección Biblioteca de origen Biblioteca actual Ubicación en estantería Fecha de adquisición Signatura topográfica completa Código de barras Visto por última vez Copia número Tipo de ítem Koha
    Clasificación de Library of Congress     Humanidades Biblioteca Juan Bosch Biblioteca Juan Bosch Humanidades (4to. Piso) 10/02/2023 PS 3515 H488p 2016 00000168342 10/02/2023 1 Libro